Statistics for Famous People named Anthony

Click here to take the quiz!

General Stats

  • This quiz has been taken 21 times
  • The average score is 6 of 17

Answer Stats

clueperson% Correct
Spanish actor who was a cat with nice footwear; pretty good with a swordAntonio Banderas
72%
Iconic, decorated skateboarder from So CalTony Hawk
56%
former British prime ministerTony Blair
56%
fomer American chef & culinary personalityAnthony Bourdain
50%
lead vocalist of Red Hot Chili PeppersAnthony Kiedis
50%
former Wildcat & current Pelican centerAnthony Davis
44%
Welsh actor who is Thor's dad; likes liver with fava beansAnthony Hopkins
44%
American singer who left his heart in San FranciscoTony Bennett
39%
legendary Italian composer & master violinistAntonio Vivaldi
33%
American actor & comedian on Black-ish; hosts a game-showAnthony Anderson
33%
fomer Chippewa & current Steeler wide receiverAntonio Brown
33%
former Chief & Falcon tight endTony Gonzalez
28%
a French Hornet guardTony Parker
22%
Italian football manager that worked in London & TorinoAntonio Conte
17%
French football forward working in Madrid; loves FortniteAntoine Griezmann
11%
Amreican director (Training Day, Equalizer, Olympus has Fallen)Antoine Fuqua
0%
legendary Mexican musician & actor, the 'charro'; father of PepeAntonio Aguilar
0%

Score Distribution

Percentile by Number Answered

Percent of People with Each Score

Your Score History

You have not taken this quiz